000 00464nam a2200217Ia 4500
008 210210b1952 xxu||||| |||| 00| 0 eng d
041 _aeng
082 _a829/1130
100 _aTHURBER (J)
245 _aThurber album
260 _aLondon
_bHamish Hamilton
_c1952
650 _ato
650 _aThurber
650 _arise
650 _aLark
650 _aford
650 _acandle
650 _aalbum
690 _aEnglish Fiction
906 _a017742
999 _c137726
_d137726